Corporate Logos Close-Up II Quiz Stats

 Plays Quiz Updated Sep 24, 2018

Challenge
Share
Tweet
Score 0/24 Timer 04:00
8 Plays Today
% Correct
Ford
98.9%
Coca-Cola
97.6%
Burger King
97%
Amazon
95.6%
Subway
95.4%
FedEx
94.4%
Toys 'Я' Us
93.5%
eBay
89.3%
NBC
88.8%
Lay's
86.8%
Wendy's
86.4%
American Airlines
78.6%
% Correct
Citigroup
76.4%
General Mills
65.3%
Chanel
65.2%
Comcast
62.1%
Sprint
58.9%
Prudential
53.7%
Buick
52.8%
Guinness
46%
Marriott
37.3%
Rolex
35.4%
Xerox
29.9%
Unilever
28.2%

You're not logged in!

Compare scores with friends on all Sporcle quizzes.
Join for Free
OR
Log In

You Might Also Like...

Show Comments

Extras

Top Quizzes Today


Score Distribution

Your Account Isn't Verified!

In order to create a playlist on Sporcle, you need to verify the email address you used during registration. Go to your Sporcle Settings to finish the process.

Report this User

Report this user for behavior that violates our Community Guidelines.

Details: